Normal view MARC view

Entry Personal Name

Number of records used in: 2

001 - CONTROL NUMBER

  • control field: 22091

003 - CONTROL NUMBER IDENTIFIER

  • control field: dpl

005 - DATE AND TIME OF LATEST TRANSACTION

  • control field: 20100927160921.0

008 - FIXED-LENGTH DATA ELEMENTS

  • fixed length control field: 100927|||a|||||| | ||| d

040 ## - CATALOGING SOURCE

  • Original cataloging agency: dpl
  • Transcribing agency: dpl

100 ## - HEADING--PERSONAL NAME

  • Personal name: गुप्ता, रविचन्द्र

670 ## - SOURCE DATA FOUND

  • Source citation: Work cat.: (dpl)32670: गुप्ता, रविचन्द्र, स्वतंत्रता सेनानी सचित्र कोश /, 2009

670 ## - SOURCE DATA FOUND

  • Source citation: Work cat.: (dpl)32670: गुप्ता, रविचन्द्र, स्वतंत्रता सेनानी सचित्र कोश /, 2009

© Delhi Public Library
Hit Counter
free hit counter